[Event "21st Hogeschool Zeeland 2017"]
[Site "Vlissingen"]
[Date "2017.08.10"]
[Round "7"]
[White "Frayna, Janelle Mae"]
[Black "Czebe, Attila"]
[Result "0-1"]
[WhiteElo "2248"]
[BlackElo "2465"]
[Annotator "TA"]
[PlyCount "80"]
[EventDate "2017.??.??"]
[SourceTitle "playchess.com"]
[Source "ChessBase"]
[SourceQuality "1"]

{[%evp 22,80,15,24,36,0,3,0,0,0,0,-11,0,0,0,0,0,-7,17,0,19,0,12,15,14,0,13,0,-9,-22,-9,-52,-2,-2,0,-183,-20,-27,-35,-27,114,91,131,0,9,9,9,11,90,20,266,102,153,0,0,0,79,-601,-595,-545,-541]} 1. d4 d6 2. e4 g6 3. c4 Bg7 4. Nc3 e5 5. dxe5 dxe5 6. Qxd8+ Kxd8 7. f4 c6 8. Nf3 Nd7 9. fxe5 Nxe5 10. Bf4 {A42: Modern Defence: Averbakh Variation} Nxf3+ 11. gxf3 Be6 12. O-O-O+ {LiveBook: 3 Games. The position is equal.} Kc8 $146 ({Predecessor:} 12... Ke8 13. Bd6 Rd8 14. Be2 Nh6 15. a4 f5 {1-0 (50) Reinderman,D (2591)-Telljohann,S (2408) Germany 2016}) 13. Kc2 Nf6 14. Bd6 Rd8 15. Be2 Bf8 16. c5 Bxd6 17. cxd6 Nh5 18. Rd2 b5 19. Rhd1 Kb7 20. b3 a6 21. Kb2 Kb6 22. Bf1 Rd7 23. Ne2 Re8 24. Ng3 Nf4 25. Ne2 Nxe2 26. Rxe2 f6 (26... Red8 $5 {[%cal Rd7d6]}) 27. h4 c5 28. e5 $2 (28. Red2 $11 {and White has nothing to worry.}) 28... Rf8 $2 ({Better is} 28... fxe5 $19 {Threatens to win with ...Kc6.} 29. Red2 Bf5) 29. f4 fxe5 30. fxe5 c4 (30... Rdf7 $11 31. Red2 Rf2) 31. bxc4 $1 $16 bxc4 32. Re3 (32. Re4 $1 $16) 32... Rf2+ 33. Kc3 Kc5 34. Be2 Rb7 {[#]} (34... Rf4 $1 $11) 35. Re4 $1 Kc6 $2 ({Don't go for} 35... Bd5 $2 36. Red4 $18 (36. Rxc4+ Bxc4 37. Bxc4 Rf3+ 38. Rd3 Rxd3+ 39. Bxd3 Rb8 $11)) (35... Rh2 $11 {and Black is okay.}) 36. Rf1 $2 (36. Bxc4 $18 Bxc4 37. Rxc4+ Kd7 38. a4) 36... Rh2 (36... Rxf1 $142 37. Bxf1 Kd5) 37. Bxc4 $2 (37. Re3 $16 {Black must now prevent Bf3+.} Kd7 38. Bxc4) 37... Rh3+ $11 38. Bd3 (38. Kc2 $5 {[%cal Rc4e6]} Bf5 {[#]} 39. Rxf5 $1 {[%mdl 512]} gxf5 40. Rd4 $11) 38... Rb5 (38... Bxa2 $11 {keeps the balance.} 39. Rc1 Kd5) 39. Rc1 $2 {[%mdl 8192]} (39. Rfe1 $16) 39... Rc5+ $19 40. Kb2 Rxd3 {Precision: White = 34%, Black = 31%.} 0-1

[Event "21st Hogeschool Zeeland 2017"]
[Site "Vlissingen"]
[Date "2017.08.10"]
[Round "7"]
[White "Beukema, Jasper"]
[Black "Van Foreest, Lucas"]
[Result "0-1"]
[WhiteElo "2209"]
[BlackElo "2467"]
[Annotator "TA"]
[PlyCount "46"]
[EventDate "2017.??.??"]
[SourceTitle "playchess.com"]
[Source "ChessBase"]
[SourceQuality "1"]

{[%evp 9,46,-33,-28,-28,-19,-23,-27,-34,-25,-22,-20,-22,-35,-35,-25,-57,-50,-49,-6,-106,-95,-82,-100,-237,-228,-257,-262,-427,-473,-466,-464,-503,-552,-887,-888,-867,-846,-1654,-1593]} 1. d4 d5 2. Bf4 c5 3. e3 Nc6 4. Nc3 (4. c3 Qb6 5. Qb3 Nf6 6. Nd2 c4 7. Qc2 Nh5 8. Bg5 h6 9. Bh4 g5 10. Be2 Ng7 11. Bg3 Bf5 12. Qc1 e6 {1-0 (41) Carlsen,M (2832)-So,W (2812) Leuven 2017}) 4... a6 5. dxc5 e5 6. Bg3 {D00: 1 d4 d5: Unusual lines} Be6 7. Na4 $146 {[#]} ({Find the theoretical novelty and annotate with similar games:} 7. Nf3 f6 8. Na4 Bxc5 9. Nxc5 Qa5+ 10. Nd2 Qxc5 11. Nb3 Qb6 {0-1 (48) Fulop,S (1997)-Kalmar,L (1877) Hungary 2009}) 7... Bxc5 $1 {[%mdl 512]} 8. Nxc5 {Black has an edge.} Qa5+ 9. c3 Qxc5 10. Nf3 f6 11. Nd2 Nge7 12. e4 O-O 13. Bd3 f5 14. f3 (14. exf5 $11 {keeps the balance.} Nxf5 15. Bxf5 Bxf5 16. O-O) 14... fxe4 $17 15. fxe4 d4 $36 {[%mdl 2048] Keeping White busy.} 16. cxd4 (16. Rc1 $17) 16... Qxd4 $19 17. Nf3 {[#]} Rxf3 $1 {[%mdl 512]} 18. Qxf3 $2 {[#]} (18. gxf3 Rd8 19. Qe2 Qxd3 20. Qxd3 Rxd3 21. Rf1) 18... Qb4+ $1 {Black is clearly winning.} 19. Kd1 ({Reject} 19. Kf1 Rf8) 19... Qxb2 20. Rb1 Qa3 {aiming for ...Rd8.} 21. Qe3 {If White can now play Ke2 this consolidates a bit.} Rd8 22. Ke2 Bg4+ 23. Kd2 Qa5+ {Precision: White = 36%, Black = 85%.} 0-1

[Event "21st Hogeschool Zeeland 2017"]
[Site "Vlissingen"]
[Date "2017.08.10"]
[Round "7"]
[White "Woudsma, Martijn"]
[Black "Van Delft, Merijn"]
[Result "0-1"]
[WhiteElo "2181"]
[BlackElo "2393"]
[Annotator "TA"]
[PlyCount "54"]
[EventDate "2017.??.??"]
[SourceTitle "playchess.com"]
[Source "ChessBase"]
[SourceQuality "1"]

{[%evp 14,54,31,0,0,0,0,0,11,0,0,0,0,-35,8,-1,28,27,35,29,28,0,21,-8,0,-206,-189,-658,-656,-789,-542,-1325,-1257,-1510,-1156,-2331,-2320,-29992,-29993,-29993,-29994,-29994,-29995]} 1. e4 c5 2. Nf3 d6 3. d4 cxd4 4. Nxd4 Nf6 5. Nc3 a6 6. h3 e6 7. g4 h6 8. Be3 b5 {B81: Sicilian Scheveningen: Keres Attack} 9. Bg2 {[#] And now e5! would win.} Bb7 10. a3 g5 {The position is equal.} 11. Qe2 Nbd7 12. O-O-O $146 ({Predecessor:} 12. h4 Rg8 13. hxg5 hxg5 14. O-O-O Rc8 15. Bd2 Ne5 16. Bxg5 Rxg5 17. f4 Nfxg4 18. fxg5 Rxc3 19. g6 Qg5+ 20. Kb1 Re3 21. gxf7+ Ke7 22. Qf1 Rg3 {0-1 (22) Krivoborodov,E (2394)-Macieja,B (2617) Moscow 2008}) 12... Rc8 13. Kb1 Ne5 (13... Rxc3 $5 14. bxc3 Ne5 $14) 14. Bc1 Nfd7 15. h4 {[#] Strongly threatening hxg5.} Rg8 16. hxg5 hxg5 17. Rh5 Be7 18. Rdh1 Bf6 19. Bh3 $2 (19. Na2 $11) 19... Nc4 $19 20. Ndxb5 $2 (20. Rd1) 20... axb5 21. Nxb5 Ba6 22. a4 Qa5 23. Bf1 Qxa4 24. Nxd6+ Nxd6 25. Qxa6 Qxc2+ {Black mates.} 26. Ka2 Qxc1 {[%csl Gf6][%cal Rc1b2]} 27. Qa3 Rc2 {Precision: White = 24%, Black = 69%.} 0-1

[Event "21st Hogeschool Zeeland 2017"]
[Site "Vlissingen"]
[Date "2017.08.10"]
[Round "7"]
[White "Van der Elburg, Freddie"]
[Black "Warmerdam, Max"]
[Result "0-1"]
[WhiteElo "2131"]
[BlackElo "2387"]
[Annotator "TA"]
[PlyCount "58"]
[EventDate "2017.??.??"]
[SourceTitle "playchess.com"]
[Source "ChessBase"]
[SourceQuality "1"]

{[%evp 19,58,0,8,0,-3,0,24,-19,-25,-31,-18,-21,47,25,43,27,29,-18,-19,-16,0,-21,-14,-23,-18,-15,-15,-21,-21,-32,-25,-32,-24,-59,-42,-501,-491,-463,-463,-463,-454]} 1. f4 d5 2. Nf3 g6 3. g3 Bg7 4. Bg2 Nh6 5. O-O O-O 6. d3 d4 {A03: Bird's Opening with 1...d5} 7. c3 c5 8. e4 dxe3 9. Bxe3 Nd7 10. Na3 {[%cal Bb1a3,Ba3c4,Bc4e5][%mdl 32]} Rb8 {LiveBook: 4 Games} 11. Nc4 Ng4 12. Qe2 $146 ({Predecessor:} 12. Bc1 b5 {0-1 (46) Kalinitschew,S (2485)-Dautov,R (2617) Saarbruecken 2002}) 12... Qc7 13. Rae1 b5 14. Nce5 Nxe3 15. Qxe3 Nb6 (15... b4 $11) 16. Nd2 {Nc6 is the strong threat.} Bb7 17. Bxb7 Rxb7 18. Nb3 (18. Ne4 $5 {[%cal Re4c5]} Bxe5 19. fxe5 Qxe5 20. Qh6 $14 (20. Nxc5 Qxe3+ 21. Rxe3 Rc7 $14) (20. Qxc5 Qxc5+ 21. Nxc5 Rc7 $14)) 18... Na4 $1 19. Rf2 c4 20. Nd4 cxd3 21. Qxd3 Rd8 22. Qf3 e6 23. Rfe2 Rb6 24. a3 Rd5 25. h4 a5 26. Qf2 Nc5 {[#] Hoping for ...Bxe5.} 27. Nxb5 $2 {[%mdl 8192]} (27. Qe3 $15) 27... Rxb5 $19 {Black is clearly winning.} 28. c4 Nd3 29. Qf1 Bxe5 {Precision: White = 43%, Black = 73%.} 0-1